000 00525cam a2200205ua 4500
001 8950
008 150219n ii |||gr||||Z||||||asm
020 _a8176653640
040 _cMAIN
041 _aasm
082 _a891.4513
100 _aBhattacharya, M.,
_eAuthor.
245 1 _aMaa,mac`laysahab aru badhoishalar pita
_cBy M. Bhattacharya
250 _a1st.
260 _aGuwahati:
_bSudents,
_c2008.
300 _a304p.
653 _aEast Indo-European & Celtic literatures
653 _aAssamese novels
942 _cBK
999 _c8044
_d8044